<?xml version="1.0" encoding="UTF-8"?>
<record
    xmlns:xsi="http://www.w3.org/2001/XMLSchema-instance"
    xsi:schemaLocation="http://www.loc.gov/MARC21/slim http://www.loc.gov/standards/marcxml/schema/MARC21slim.xsd"
    xmlns="http://www.loc.gov/MARC21/slim">

  <leader>02828naa a22002177i 4500</leader>
  <controlfield tag="001">7964</controlfield>
  <controlfield tag="003">KOSZ 005</controlfield>
  <controlfield tag="005">20180424124359.0</controlfield>
  <controlfield tag="008">160308s2011        ||||| ||||0|| 0 pol </controlfield>
  <datafield tag="035" ind1=" " ind2=" ">
    <subfield code="a">PBN-R:351811</subfield>
  </datafield>
  <datafield tag="040" ind1=" " ind2=" ">
    <subfield code="c">KOSZ 005/md</subfield>
    <subfield code="a">PBN-ID</subfield>
    <subfield code="d">KOSZ 005/HR</subfield>
  </datafield>
  <datafield tag="041" ind1="0" ind2=" ">
    <subfield code="a">pol</subfield>
    <subfield code="b">pol</subfield>
    <subfield code="b">eng</subfield>
  </datafield>
  <datafield tag="100" ind1="1" ind2=" ">
    <subfield code="a">JUCHNIEWICZ-PIOTROWSKA, Kamila.</subfield>
    <subfield code="b">Politechnika Koszali&#x144;ska - Wydzia&#x142; Budownictwa i In&#x17C;ynierii &#x15A;rodowiska</subfield>
    <subfield code="c">Katedra Geodezji Gospodarczej</subfield>
  </datafield>
  <datafield tag="245" ind1="1" ind2="0">
    <subfield code="a">Znaczenie miejscowych plan&#xF3;w zagospodarowania przestrzennego w kszta&#x142;towaniu struktury przestrzennej obszar&#xF3;w wiejskich /</subfield>
    <subfield code="c">Kamila Juchniewicz-Piotrowska.</subfield>
  </datafield>
  <datafield tag="260" ind1=" " ind2=" ">
    <subfield code="c">2011.</subfield>
  </datafield>
  <datafield tag="520" ind1=" " ind2=" ">
    <subfield code="a">Plany miejscowe s&#x105; podstawowymi aktami prawnymi s&#x142;u&#x17C;&#x105;cymi do realizacji polityki przestrzennej na obszarze gminy. Nios&#x105; one za sob&#x105; szereg skutk&#xF3;w zar&#xF3;wno prawnych, ekonomicznych, &#x15B;rodowiskowych jak i spo&#x142;ecznych. W Polsce coraz bardziej widoczne s&#x105; przemiany zachodz&#x105;ce na terenach obszar&#xF3;w wiejskich. Du&#x17C;a cz&#x119;&#x15B;&#x107; tych przemian zwi&#x105;zana jest z uchwalanie przez gminy miejscowych plan&#xF3;w zagospodarowania przestrzennego. W pracy wskazano uregulowania prawne dotycz&#x105;ce miejscowych plan&#xF3;w zagospodarowania przestrzennego, ich funkcje, zadania oraz skutki uchwalania. W rozwa&#x17C;aniach skupiono si&#x119; na problematyce znaczenia miejscowych plan&#xF3;w zagospodarowania przestrzennego w kszta&#x142;towaniu struktury przestrzennej obszar&#xF3;w wiejskich. W wyniku przeprowadzonych bada&#x144; zidentyfikowano skutki uchwalania plan&#xF3;w na obszarach wiejskich. Badania przeprowadzono w oparciu o zmiany zachodz&#x105;ce w strukturze przestrzennej obszar&#xF3;w po&#x142;o&#x17C;onych w gminie Kwidzyn na przyk&#x142;adzie miejscowo&#x15B;ci Rakowiec.</subfield>
  </datafield>
  <datafield tag="520" ind1=" " ind2=" ">
    <subfield code="a">Local plans are the basic legal acts used to execute the spatial policy within a commune area. This execution results in some legal, economic, environmental, and social changes. A great part of those changes requires some new spatial development plans to be agreed. The herby work includes the legal regulations concerning local plans of spatial development, their functions, goals and the results of those plans entering into force. The importance of local spatial development plans in shaping the spatial structure of rural areas is also considered in this work. The research showed what are the results of adopting the local spatial development plans in rural areas. The changes in the spatial structure of Rakowiec settlement, placed within the area of Kwidzyn commune, were taken as the basis for the research.</subfield>
  </datafield>
  <datafield tag="773" ind1="0" ind2=" ">
    <subfield code="i">W:</subfield>
    <subfield code="t">Infrastruktura i Ekologia Teren&#xF3;w Wiejskich - Infrastructure and Ecology of Rural Areas. -</subfield>
    <subfield code="d">Krak&#xF3;w : Stowarzyszenie Infrastruktura i Ekologia Teren&#xF3;w Wiejskich. -</subfield>
    <subfield code="g">2011, Z. 3, s. 205-215</subfield>
    <subfield code="x">1732-5587</subfield>
  </datafield>
  <datafield tag="856" ind1=" " ind2=" ">
    <subfield code="u">http://www.infraeco.pl/pl/art/a_17628.htm?plik=1781</subfield>
    <subfield code="z">Link do zasobu</subfield>
  </datafield>
  <datafield tag="942" ind1=" " ind2=" ">
    <subfield code="c">ART</subfield>
    <subfield code="2">UKD</subfield>
  </datafield>
  <datafield tag="999" ind1=" " ind2=" ">
    <subfield code="c">7964</subfield>
    <subfield code="d">7964</subfield>
  </datafield>
</record>
